| 000 | 00575nam a2200217Ia 4500 | ||
|---|---|---|---|
| 003 | OSt | ||
| 005 | 20220918174302.0 | ||
| 006 | a|||||r|||| 00| 0 | ||
| 007 | ta | ||
| 008 | 220917b |||||||| |||| 00| 0 eng d | ||
| 024 | _a11,445 | ||
| 037 | _cTextual | ||
| 040 |
_aARTS _cARTS _beng |
||
| 041 |
_2eng _aeng |
||
| 082 | _aM71:3:1, H8 | ||
| 245 | 0 | _aSpinning Rayon staple on the cotton system | |
| 260 |
_aMarcus _bHook American Viscose Corpoetation _c1948 |
||
| 650 | _aINDUSTRIAL ARTS | ||
| 942 |
_hM71:3:1, H8 _cTEXL _2CC |
||
| 999 |
_c152544 _d152544 |
||